[Event "Liga Madrileña - DH 2016-2017"]
[Site "Madrid ESP"]
[Date "2017.03.05"]
[Round "12.22"]
[White "Vazquez Igarza, Renier"]
[Black "Suarez Uriel, Adrian"]
[Result "1/2-1/2"]
[WhiteElo "2566"]
[BlackElo "2354"]
[PlyCount "115"]
[EventDate "2016.11.20"]
[EventType "team-tourn"]
[EventRounds "14"]
[EventCountry "ESP"]
[SourceTitle "Ajedrez en Madrid"]
[Source "lmi"]
[SourceDate "2016.11.20"]
[WhiteTeam "Collado Villalba"]
[BlackTeam "La Casa del Ajedrez"]

1. d4 Nf6 2. c4 g6 3. Nc3 d5 4. cxd5 Nxd5 5. e4 Nxc3 6. bxc3 Bg7 7. Bc4 O-O 8.
Ne2 Nc6 9. Bg5 b6 10. Qd2 Bb7 11. Bh6 e5 12. h4 Na5 13. Bd3 Qe7 14. Bxg7 Kxg7
15. h5 Rad8 16. hxg6 fxg6 17. Qh6+ Kg8 18. f3 Rd7 19. Rd1 Rfd8 20. Kf2 c5 21.
d5 c4 22. Bc2 Ba6 23. Kg3 Rd6 24. Qe3 Nb7 25. a4 Rf6 26. Rb1 Rdf8 27. Rhd1 Nc5
28. a5 Nd3 29. Kh2 bxa5 30. Kg1 Qc7 31. Bxd3 cxd3 32. Nc1 Rb6 33. Ra1 Qxc3 34.
Nxd3 Bxd3 35. Rac1 Qb4 36. Rxd3 Qd6 37. Qc5 Rfb8 38. Qxa5 Ra6 39. Qd2 Rab6 40.
Rdc3 Rb1 41. Kh2 Qd8 42. Kg3 R1b2 43. R3c2 Rxc2 44. Rxc2 Rb7 45. d6 Kg7 46. Rc5
Rd7 47. Rxe5 Rxd6 48. Qc3 Kh6 49. Qe3+ g5 50. Qxa7 Qf6 51. Rf5 Qc3 52. Qg1 Rg6
53. Qh2+ Kg7 54. Kg4 Qd2 55. Qe5+ Kh6 56. Qh2+ Kg7 57. Qc7+ Kh6 58. Qh2+
1/2-1/2

[Event "Liga Madrileña - DH 2016-2017"]
[Site "Madrid ESP"]
[Date "2017.03.05"]
[Round "12.23"]
[White "Gallego Jimenez, Victoriano"]
[Black "Moreno Ruiz, Javier"]
[Result "0-1"]
[WhiteElo "2364"]
[BlackElo "2448"]
[PlyCount "82"]
[EventDate "2016.11.20"]
[EventType "team-tourn"]
[EventRounds "14"]
[EventCountry "ESP"]
[SourceTitle "Ajedrez en Madrid"]
[Source "lmi"]
[SourceDate "2016.11.20"]
[WhiteTeam "La Casa del Ajedrez"]
[BlackTeam "Collado Villalba"]

1. d4 Nf6 2. c4 g6 3. Nc3 d5 4. Nf3 Bg7 5. Bg5 Ne4 6. cxd5 Nxg5 7. Nxg5 O-O 8.
Nf3 c6 9. e3 cxd5 10. Be2 Nc6 11. O-O b6 12. Qa4 Bb7 13. Ba6 Bxa6 14. Qxa6 Qd7
15. Rac1 Rfc8 16. a3 Na5 17. Nb5 e6 18. g3 Rc6 19. b4 Nc4 20. Nc3 Qc8 21. Qxc8+
Rcxc8 22. Nb1 Bf8 23. Nfd2 a5 24. Nxc4 dxc4 25. b5 a4 26. Rc3 Ra5 27. Nd2 Rxb5
28. Rfc1 Rb2 29. Rxc4 Rxc4 30. Nxc4 Rb3 31. Ne5 Bxa3 32. Rc8+ Kg7 33. Rc7 Bd6
34. Rxf7+ Kg8 35. Rd7 Bxe5 36. dxe5 a3 37. Kf1 b5 38. Ke1 b4 39. Kd1 Rb2 40.
Kc1 Rxf2 41. Kb1 Rxh2 0-1

[Event "Liga Madrileña - DH 2016-2017"]
[Site "Madrid ESP"]
[Date "2017.03.05"]
[Round "12.24"]
[White "Martin Duque, Jesus"]
[Black "Guadamuro Torrente, Anabel"]
[Result "1-0"]
[WhiteElo "2312"]
[BlackElo "2130"]
[PlyCount "105"]
[EventDate "2016.11.20"]
[EventType "team-tourn"]
[EventRounds "14"]
[EventCountry "ESP"]
[SourceTitle "Ajedrez en Madrid"]
[Source "lmi"]
[SourceDate "2016.11.20"]
[WhiteTeam "Collado Villalba"]
[BlackTeam "La Casa del Ajedrez"]

1. e4 e5 2. Nf3 Nc6 3. Bb5 Nf6 4. d3 d6 5. O-O g6 6. d4 Bd7 7. Re1 Bg7 8. d5
Ne7 9. Bxd7+ Nxd7 10. Be3 h6 11. Nfd2 O-O 12. c4 f5 13. f3 g5 14. exf5 Nxf5 15.
Nc3 Nf6 16. Bf2 Qd7 17. Nde4 Nxe4 18. Nxe4 Ne7 19. c5 Rf7 20. Qb3 b6 21. cxd6
cxd6 22. a4 Raf8 23. h3 Ng6 24. Qb5 Nf4 25. Qxd7 Rxd7 26. Red1 Rc8 27. Rd2 Kf7
28. a5 Bf8 29. axb6 axb6 30. Ra6 Rb8 31. Kh2 Rdb7 32. g3 Nh5 33. Rc2 Nf6 34.
Nxf6 Kxf6 35. Rc6 Be7 36. Kg2 Kf7 37. Rcxb6 Rxb6 38. Rxb6 Rc8 39. Rc6 Rb8 40.
Bb6 Ke8 41. b4 Ra8 42. Ba5 Rb8 43. Bc7 Rxb4 44. Bxd6 Rb2+ 45. Kf1 Rb1+ 46. Ke2
Rb2+ 47. Kd3 Bf6 48. Ke4 Kd7 49. Kf5 Bd8 50. Bxe5 Rd2 51. Rd6+ Ke8 52. Rxh6
Rxd5 53. Ke6 1-0

[Event "Liga Madrileña - DH 2016-2017"]
[Site "Madrid ESP"]
[Date "2017.03.05"]
[Round "12.25"]
[White "Collado Barbas, Laura"]
[Black "Ortega Ruiz, Jose Miguel"]
[Result "0-1"]
[WhiteElo "2096"]
[BlackElo "2233"]
[PlyCount "78"]
[EventDate "2016.11.20"]
[EventType "team-tourn"]
[EventRounds "14"]
[EventCountry "ESP"]
[SourceTitle "Ajedrez en Madrid"]
[Source "lmi"]
[SourceDate "2016.11.20"]
[WhiteTeam "La Casa del Ajedrez"]
[BlackTeam "Collado Villalba"]

1. d4 Nf6 2. c4 e6 3. Nc3 c5 4. d5 exd5 5. cxd5 a6 6. a4 d6 7. e4 g6 8. h3 Bg7
9. Nf3 O-O 10. Bd3 Nbd7 11. O-O Re8 12. Re1 Qe7 13. Bf4 Nh5 14. Bh2 Ne5 15. Be2
Nf6 16. Nd2 g5 17. Bxe5 Qxe5 18. Nf3 Qe7 19. Nxg5 h6 20. Nf3 Nh5 21. Qd2 Qf6
22. Nh2 Nf4 23. Bg4 h5 24. Bxc8 Qg5 25. Qxf4 Qxf4 26. Bf5 b5 27. Re3 b4 28. Ne2
Qe5 29. Rb1 c4 30. Rg3 Kf8 31. Nf3 Qxf5 32. exf5 Rxe2 33. Rc1 c3 34. bxc3 b3
35. Rb1 b2 36. Ng5 Be5 37. Rd3 Rc8 38. Re3 Rxe3 39. fxe3 Rxc3 0-1

[Event "Liga Madrileña - DH 2016-2017"]
[Site "Madrid ESP"]
[Date "2017.03.05"]
[Round "12.26"]
[White "Collazo Hidalgo Gato, Niala"]
[Black "Corisco Beltran, Rafael"]
[Result "1/2-1/2"]
[WhiteElo "2225"]
[BlackElo "2038"]
[PlyCount "116"]
[EventDate "2016.11.20"]
[EventType "team-tourn"]
[EventRounds "14"]
[EventCountry "ESP"]
[SourceTitle "Ajedrez en Madrid"]
[Source "lmi"]
[SourceDate "2016.11.20"]
[WhiteTeam "Collado Villalba"]
[BlackTeam "La Casa del Ajedrez"]

1. e4 c5 2. Nf3 d6 3. d4 cxd4 4. Nxd4 Nf6 5. Nc3 a6 6. h3 e6 7. g4 d5 8. Bg2
Bb4 9. exd5 Nxd5 10. Bd2 Nxc3 11. bxc3 Bc5 12. O-O O-O 13. Qe2 Qc7 14. Rab1 Nd7
15. g5 Rd8 16. Rfe1 Nf8 17. Nb3 Ba7 18. Nd4 Ng6 19. Rb4 Bb8 20. Nf3 Bd7 21. Be3
Bb5 22. c4 Qe7 23. Rb3 Bc6 24. Rd3 Bc7 25. Red1 Nf4 26. Bxf4 Bxf4 27. h4 Rac8
28. Nd4 Bxg2 29. Kxg2 Qc7 30. Qg4 Re8 31. h5 Qe5 32. g6 Qg5 33. Qxg5 Bxg5 34.
Nf3 Bf6 35. Rd7 fxg6 36. hxg6 hxg6 37. Rxb7 Rxc4 38. Nd2 Ra4 39. c4 Rc8 40. Ne4
Raxc4 41. Nxf6+ gxf6 42. Rdd7 Rg4+ 43. Kf3 f5 44. Rg7+ Kh8 45. Rh7+ Kg8 46.
Rbg7+ Kf8 47. Ra7 Kg8 48. Rhe7 Ra4 49. Rxe6 Rc3+ 50. Ke2 Rxa2+ 51. Kf1 Rc1+ 52.
Kg2 Rc8 53. Rxg6+ Kh8 54. Raxa6 Rxa6 55. Rxa6 Kg7 56. Kg3 Rc4 57. f3 Kf7 58.
Rh6 Kg7 1/2-1/2

[Event "Liga Madrileña - DH 2016-2017"]
[Site "Madrid ESP"]
[Date "2017.03.05"]
[Round "12.31"]
[White "Valles Moreno, Ivan"]
[Black "Martinez Reyes, Pedro Ramon"]
[Result "1-0"]
[WhiteElo "2438"]
[BlackElo "2371"]
[PlyCount "73"]
[EventDate "2016.11.20"]
[EventType "team-tourn"]
[EventRounds "14"]
[EventCountry "ESP"]
[SourceTitle "Ajedrez en Madrid"]
[Source "lmi"]
[SourceDate "2016.11.20"]
[WhiteTeam "Liberty Chess"]
[BlackTeam "Blanco y Negro"]

1. e4 c5 2. Nf3 Nc6 3. Nc3 g6 4. d4 cxd4 5. Nxd4 Bg7 6. Be3 Nf6 7. Bc4 O-O 8.
Bb3 d5 9. exd5 Na5 10. Nde2 b6 11. O-O Bb7 12. d6 exd6 13. Qd3 Ng4 14. Bd4 Qh4
15. Qg3 Qxg3 16. hxg3 Ne5 17. Bd5 Rac8 18. Bxb7 Nxb7 19. Rac1 Rfe8 20. Rfd1 Rc6
21. b3 Kf8 22. Nd5 Bh6 23. Be3 Bxe3 24. Nxe3 Rc5 25. Nd4 Nc6 26. a4 Nxd4 27.
Rxd4 Re6 28. Kf1 Ke7 29. g4 Kd7 30. Rf4 Ke8 31. g3 h5 32. gxh5 Rxh5 33. Kg2 f5
34. Rc4 Kd8 35. Rd1 Nc5 36. a5 b5 37. Rxc5 1-0

[Event "Liga Madrileña - DH 2016-2017"]
[Site "Madrid ESP"]
[Date "2017.03.05"]
[Round "12.32"]
[White "Taboas Rodriguez, Daniel"]
[Black "Perez Gonzalez, Jose Manuel"]
[Result "1-0"]
[WhiteElo "2383"]
[BlackElo "2322"]
[PlyCount "94"]
[EventDate "2016.11.20"]
[EventType "team-tourn"]
[EventRounds "14"]
[EventCountry "ESP"]
[SourceTitle "Ajedrez en Madrid"]
[Source "lmi"]
[SourceDate "2016.11.20"]
[WhiteTeam "Blanco y Negro"]
[BlackTeam "Liberty Chess"]

1. d4 Nf6 2. Nf3 g6 3. c4 Bg7 4. Nc3 O-O 5. e4 d6 6. Be2 e5 7. dxe5 dxe5 8.
Qxd8 Rxd8 9. Bg5 c6 10. Nxe5 Re8 11. O-O-O Na6 12. Rd6 Be6 13. f4 h6 14. Bh4 g5
15. fxg5 hxg5 16. Bxg5 Nc5 17. Bxf6 Bxf6 18. Nd3 Be7 19. Nxc5 Bxd6 20. Nxb7 Be5
21. Nc5 Rad8 22. Kc2 Bc8 23. Bf3 Rd4 24. Nd3 Rxc4 25. Nxe5 Rxe5 26. Rd1 Be6 27.
Rd6 Kf8 28. Be2 Rb4 29. Rxc6 f5 30. exf5 Bxf5+ 31. Kc1 Rb8 32. Ra6 Rc8 33. Bd1
Rc7 34. Rd6 Rd7 35. Rxd7 Bxd7 36. Bf3 Ke7 37. Kd2 Kd6 38. Kd3 Re1 39. Kd4 Bc6
40. Bxc6 Kxc6 41. g3 Kd6 42. Nb5+ Kc6 43. Nc3 Kd6 44. b4 Ke6 45. a4 Ra1 46. h4
Rg1 47. Ne2 Kf5 1-0

[Event "Liga Madrileña - DH 2016-2017"]
[Site "Madrid ESP"]
[Date "2017.03.05"]
[Round "12.33"]
[White "Gallardo Garcia, Andres"]
[Black "Bolado Saez, Sergio"]
[Result "0-1"]
[WhiteElo "2327"]
[BlackElo "2370"]
[PlyCount "78"]
[EventDate "2016.11.20"]
[EventType "team-tourn"]
[EventRounds "14"]
[EventCountry "ESP"]
[SourceTitle "Ajedrez en Madrid"]
[Source "lmi"]
[SourceDate "2016.11.20"]
[WhiteTeam "Liberty Chess"]
[BlackTeam "Blanco y Negro"]

1. e4 c5 2. Nf3 d6 3. d4 Nf6 4. Nc3 cxd4 5. Nxd4 a6 6. h3 e6 7. g4 Nfd7 8. Be3
Be7 9. Qd2 b5 10. Bg2 Bb7 11. a4 bxa4 12. Nxa4 Ne5 13. b3 Nbd7 14. O-O g5 15.
f4 gxf4 16. Bxf4 h5 17. gxh5 Rxh5 18. Qe2 Rh7 19. Rad1 Qc7 20. c4 O-O-O 21. b4
Rg8 22. c5 Rhg7 23. Rf2 Bh4 24. Rdf1 Bxf2+ 25. Rxf2 dxc5 26. bxc5 Nxc5 27. Nxc5
Qxc5 28. Qc2 Rxg2+ 29. Rxg2 Rxg2+ 30. Kxg2 Nc4 31. Qc3 Bxe4+ 32. Kf1 Kd7 33.
Nb3 Qd5 34. Kf2 a5 35. Be3 Bh1 36. Ke1 e5 37. h4 Bf3 38. Nc5+ Ke7 39. Kf2 Bh5
0-1

[Event "Liga Madrileña - DH 2016-2017"]
[Site "Madrid ESP"]
[Date "2017.03.05"]
[Round "12.34"]
[White "Renteria Becerra, Jorge Elicer"]
[Black "Fernandez Garcia, Miguel Angel"]
[Result "1/2-1/2"]
[WhiteElo "2226"]
[BlackElo "2366"]
[PlyCount "97"]
[EventDate "2016.11.20"]
[EventType "team-tourn"]
[EventRounds "14"]
[EventCountry "ESP"]
[SourceTitle "Ajedrez en Madrid"]
[Source "lmi"]
[SourceDate "2016.11.20"]
[WhiteTeam "Blanco y Negro"]
[BlackTeam "Liberty Chess"]

1. e4 c5 2. Nc3 Nc6 3. Nf3 e5 4. Bc4 Be7 5. d3 d6 6. Ng5 Bxg5 7. Qh5 Be7 8.
Qxf7+ Kd7 9. Be6+ Kc7 10. Nd5+ Kb8 11. Bxc8 Kxc8 12. Qxg7 Bf6 13. Qf7 Nb4 14.
Nxb4 cxb4 15. O-O Kb8 16. a3 bxa3 17. Rxa3 Qe7 18. Qd5 Bg7 19. Be3 Nf6 20. Qa5
a6 21. Rfa1 Rc8 22. c4 Ng4 23. Bb6 Bh6 24. Qb4 Nf6 25. f3 Nd7 26. Bf2 Nc5 27.
Qc3 Ne6 28. b4 Nf4 29. Qc2 Rg8 30. g3 Nh3+ 31. Kg2 Ng5 32. Be3 Qe6 33. Bxg5
Bxg5 34. b5 Be3 35. bxa6 Rg7 36. axb7 Rxa3 37. Rxa3 Rxb7 38. Rb3 Qd7 39. Qb1
Rxb3 40. Qxb3+ Qb7 41. Qxb7+ Kxb7 42. f4 exf4 43. gxf4 Bxf4 44. d4 Kc6 45. c5
dxc5 46. dxc5 Kxc5 47. e5 Bxe5 48. h4 h5 49. Kh1 1/2-1/2

[Event "Liga Madrileña - DH 2016-2017"]
[Site "Madrid ESP"]
[Date "2017.03.05"]
[Round "12.35"]
[White "Martin Rueda, Daniel"]
[Black "Beltran de Heredia Eguiaz, Miguel Angel"]
[Result "0-1"]
[WhiteElo "2292"]
[BlackElo "2224"]
[PlyCount "82"]
[EventDate "2016.11.20"]
[EventType "team-tourn"]
[EventRounds "14"]
[EventCountry "ESP"]
[SourceTitle "Ajedrez en Madrid"]
[Source "lmi"]
[SourceDate "2016.11.20"]
[WhiteTeam "Liberty Chess"]
[BlackTeam "Blanco y Negro"]

1. d4 Nf6 2. Bg5 Ne4 3. Bf4 c5 4. f3 Qa5+ 5. c3 Nf6 6. Nd2 cxd4 7. Nb3 Qb6 8.
Qxd4 Nc6 9. Qxb6 axb6 10. Nd4 e5 11. Nxc6 exf4 12. Nd4 Bc5 13. e4 fxe3 14. Nge2
O-O 15. a3 d5 16. Nb5 Bd7 17. Ned4 Rfc8 18. Bd3 Nh5 19. g3 g6 20. Ke2 Ng7 21.
Rhc1 Ne6 22. Nxe6 fxe6 23. b4 Bf8 24. Kxe3 e5 25. Rc2 d4+ 26. Ke2 Bxb5 27. Bxb5
Bxb4 28. c4 Rxa3 29. Rxa3 Bxa3 30. Ra2 Ra8 31. Kd3 Kf7 32. Ke4 Ke6 33. f4 exf4
34. gxf4 Ra5 35. Kd3 Bc5 36. Re2+ Kf5 37. Bd7+ Kxf4 38. Re4+ Kg5 39. Rg4+ Kf6
40. Ke4 Ra3 41. Bc8 Re3+ 0-1

[Event "Liga Madrileña - DH 2016-2017"]
[Site "Madrid ESP"]
[Date "2017.03.05"]
[Round "12.36"]
[White "Shen, Yue"]
[Black "Suarez Triguero, Jose Alfonso"]
[Result "1/2-1/2"]
[WhiteElo "2223"]
[BlackElo "2100"]
[PlyCount "81"]
[EventDate "2016.11.20"]
[EventType "team-tourn"]
[EventRounds "14"]
[EventCountry "ESP"]
[SourceTitle "Ajedrez en Madrid"]
[Source "lmi"]
[SourceDate "2016.11.20"]
[WhiteTeam "Blanco y Negro"]
[BlackTeam "Liberty Chess"]

1. d4 Nf6 2. c4 c5 3. d5 e5 4. Nc3 d6 5. e4 Be7 6. Bd3 Nbd7 7. Nge2 Nf8 8. Ng3
Ng6 9. Nf5 O-O 10. g3 Re8 11. Qf3 Bxf5 12. exf5 e4 13. Bxe4 Ne5 14. Qe2 Nxe4
15. Nxe4 Qd7 16. g4 Bh4 17. O-O Re7 18. Nc3 Rae8 19. f4 Ng6 20. Qf3 Nf8 21. Bd2
Bf6 22. Rae1 a6 23. b3 b5 24. Rxe7 Rxe7 25. cxb5 axb5 26. Ne4 Bd4+ 27. Kh1 Qa7
28. Nxd6 Qxa2 29. Rd1 b4 30. f6 Bxf6 31. Ne4 Rxe4 32. Qxe4 Qxb3 33. Rc1 Bd4 34.
d6 h6 35. Re1 Nd7 36. Qa8+ Kh7 37. Qe4+ Kg8 38. Kg2 Nf6 39. Qf3 Qc2 40. Re2 b3
41. Be3 1/2-1/2

[Event "Liga Madrileña - DH 2016-2017"]
[Site "Madrid ESP"]
[Date "2017.03.05"]
[Round "12.41"]
[White "Almagro Llamas, Pablo"]
[Black "Perez Mitjans, Orelvis"]
[Result "1/2-1/2"]
[WhiteElo "2446"]
[BlackElo "2432"]
[PlyCount "69"]
[EventDate "2016.11.20"]
[EventType "team-tourn"]
[EventRounds "14"]
[EventCountry "ESP"]
[SourceTitle "Ajedrez en Madrid"]
[Source "lmi"]
[SourceDate "2016.11.20"]
[WhiteTeam "Virgen de Atocha"]
[BlackTeam "64 Villalba"]

1. d4 Nf6 2. c4 g6 3. Nc3 Bg7 4. e4 d6 5. Nf3 O-O 6. Be2 Na6 7. O-O e5 8. Be3
Ng4 9. Bg5 f6 10. Bh4 h5 11. Bg3 Nh6 12. dxe5 dxe5 13. Qb3 Nc5 14. Qa3 Ne6 15.
Rad1 Qe8 16. c5 g5 17. h4 g4 18. Nd2 f5 19. exf5 Nxf5 20. Bd3 Nf4 21. Bc4+ Kh8
22. Rfe1 Qc6 23. Nde4 Nd4 24. Qa4 Qxa4 25. Nxa4 b5 26. cxb6 axb6 27. Nac3 Bb7
28. a3 Bc6 29. Bxf4 exf4 30. Ng5 Nf5 31. Nf7+ Kh7 32. Ng5+ Kh8 33. Nf7+ Kh7 34.
Ng5+ Kh8 35. Nf7+ 1/2-1/2

[Event "Liga Madrileña - DH 2016-2017"]
[Site "Madrid ESP"]
[Date "2017.03.05"]
[Round "12.42"]
[White "Rodriguez Cespedes, Amador"]
[Black "Espinosa Aranda, Angel"]
[Result "0-1"]
[WhiteElo "2424"]
[BlackElo "2442"]
[PlyCount "108"]
[EventDate "2016.11.20"]
[EventType "team-tourn"]
[EventRounds "14"]
[EventCountry "ESP"]
[SourceTitle "Ajedrez en Madrid"]
[Source "lmi"]
[SourceDate "2016.11.20"]
[WhiteTeam "64 Villalba"]
[BlackTeam "Virgen de Atocha"]

1. e4 c5 2. Nf3 Nc6 3. d4 cxd4 4. Nxd4 Nf6 5. Nc3 d6 6. Bg5 g6 7. Be2 Bg7 8.
Nb3 O-O 9. O-O Be6 10. Re1 a5 11. a4 Rc8 12. Qd2 Nd7 13. Bb5 Nb4 14. Re2 Ne5
15. Nd4 Bc4 16. Ree1 Nbc6 17. Bxc6 bxc6 18. b3 Ba6 19. Bh6 Qb6 20. Bxg7 Kxg7
21. Re3 e6 22. Rd1 h5 23. Rg3 h4 24. Rh3 Qd8 25. Nf3 Qe7 26. Qxd6 Nxf3+ 27.
Rxf3 Qxd6 28. Rxd6 Rfd8 29. e5 Rxd6 30. exd6 Rd8 31. Ne4 f5 32. Nc5 Rxd6 33. h3
Be2 34. Re3 Rd1+ 35. Kh2 Rd2 36. Nxe6+ Kf6 37. Nc5 Rxc2 38. Re6+ Kf7 39. Rxc6
g5 40. Nd7 Rb2 41. Ne5+ Ke7 42. Rc3 Bd1 43. Nc6+ Kf6 44. Nxa5 Rxf2 45. Kg1 Rb2
46. Rd3 Be2 47. Rc3 g4 48. hxg4 fxg4 49. Nc4 Ra2 50. Rc1 g3 51. Re1 Kg5 52. Rc1
h3 53. gxh3 Bf3 54. Ne3 Rh2 0-1

[Event "Liga Madrileña - DH 2016-2017"]
[Site "Madrid ESP"]
[Date "2017.03.05"]
[Round "12.43"]
[White "Martinez Martin, David"]
[Black "Longa Yauca, Javier"]
[Result "1-0"]
[WhiteElo "2411"]
[BlackElo "2353"]
[PlyCount "63"]
[EventDate "2016.11.20"]
[EventType "team-tourn"]
[EventRounds "14"]
[EventCountry "ESP"]
[SourceTitle "Ajedrez en Madrid"]
[Source "lmi"]
[SourceDate "2016.11.20"]
[WhiteTeam "Virgen de Atocha"]
[BlackTeam "64 Villalba"]

1. d4 Nf6 2. c4 e6 3. Nc3 d5 4. Bg5 Be7 5. e3 Nbd7 6. Nf3 h6 7. Bh4 Ne4 8. Bxe7
Qxe7 9. cxd5 Nxc3 10. bxc3 exd5 11. Qb3 Nb6 12. a4 a5 13. Bb5+ Bd7 14. Bxd7+
Qxd7 15. Ne5 Qe6 16. Qb5+ Kd8 17. O-O f6 18. Nd3 Kc8 19. Nc5 Qf7 20. Rfe1 Rd8
21. Rab1 f5 22. f3 g5 23. e4 dxe4 24. fxe4 f4 25. e5 Ra7 26. e6 Qe7 27. Re5 Rd6
28. Rf5 Rc6 29. Rf7 Qe8 30. d5 Nxd5 31. Nxb7 Nb6 32. Nd6+ 1-0

[Event "Liga Madrileña - DH 2016-2017"]
[Site "Madrid ESP"]
[Date "2017.03.05"]
[Round "12.44"]
[White "Ruperez Benito, Antonio"]
[Black "Plazuelo Pascual, Juan"]
[Result "1/2-1/2"]
[WhiteElo "2313"]
[BlackElo "2307"]
[PlyCount "33"]
[EventDate "2016.11.20"]
[EventType "team-tourn"]
[EventRounds "14"]
[EventCountry "ESP"]
[SourceTitle "Ajedrez en Madrid"]
[Source "lmi"]
[SourceDate "2016.11.20"]
[WhiteTeam "64 Villalba"]
[BlackTeam "Virgen de Atocha"]

1. e4 e6 2. b3 d5 3. Bb2 dxe4 4. Nc3 Nf6 5. Qe2 Be7 6. Nxe4 O-O 7. Nf3 a5 8. a4
Nbd7 9. Nxf6+ Bxf6 10. d4 c6 11. Qe4 Nc5 12. Qe3 Na6 13. Bd3 Nb4 14. Be4 c5 15.
O-O-O c4 16. bxc4 Bd7 17. Qa3 1/2-1/2

[Event "Liga Madrileña - DH 2016-2017"]
[Site "Madrid ESP"]
[Date "2017.03.05"]
[Round "12.45"]
[White "Quispe Arteaga, Gabriel"]
[Black "Fernandez de Bobadilla, Gabriel"]
[Result "1/2-1/2"]
[WhiteElo "2270"]
[BlackElo "2241"]
[PlyCount "150"]
[EventDate "2016.11.20"]
[EventType "team-tourn"]
[EventRounds "14"]
[EventCountry "ESP"]
[SourceTitle "Ajedrez en Madrid"]
[Source "lmi"]
[SourceDate "2016.11.20"]
[WhiteTeam "Virgen de Atocha"]
[BlackTeam "64 Villalba"]

1. d4 Nf6 2. c4 e6 3. Nf3 b6 4. e3 Bb7 5. Be2 c5 6. O-O Be7 7. b3 cxd4 8. Nxd4
Na6 9. Bb2 O-O 10. Nc3 Nc5 11. Bf3 Qc8 12. Qe2 a6 13. Rfd1 Nce4 14. Qd3 Nxc3
15. Bxc3 Rd8 16. Bb2 Bxf3 17. Nxf3 d5 18. cxd5 Rxd5 19. Qe2 Qb7 20. Rxd5 Nxd5
21. Rc1 Rc8 22. Qd1 Rxc1 23. Qxc1 Qc7 24. Qxc7 Nxc7 25. Kf1 Nd5 26. Ke2 f6 27.
g3 Kf7 28. e4 Nb4 29. a3 Nc6 30. Nd2 Bd8 31. f4 g6 32. Kd3 Ke7 33. Nf3 Bc7 34.
b4 Bd8 35. Bc3 b5 36. g4 Bc7 37. e5 f5 38. gxf5 gxf5 39. Be1 h6 40. Bh4+ Kf7
41. Bf2 Bd8 42. Bc5 Ke8 43. h4 h5 44. Ng5 Bxg5 45. hxg5 Kf7 46. Ke3 Kg6 47. Kf3
h4 48. Kg2 Kh5 49. Kh3 a5 50. g6 Kxg6 51. Kxh4 a4 52. Kg3 Kh5 53. Kh3 Kg6 54.
Kh4 Kf7 55. Kg5 Nd8 56. Bb6 Nc6 57. Bc5 Nd8 58. Bb6 Nc6 59. Bc5 Nb8 60. Kh6 Nd7
61. Bd4 Nf8 62. Bc5 Nd7 63. Bd4 Nb8 64. Bc5 Ke8 65. Kg7 Kd7 66. Kf7 Nc6 67. Kf6
Nd8 68. Bb6 Nc6 69. Bc5 Nd8 70. Bb6 Nc6 71. Bc5 Nb8 72. Bd6 Nc6 73. Bc5 Nb8 74.
Bd6 Nc6 75. Bc5 Nb8 1/2-1/2

[Event "Liga Madrileña - DH 2016-2017"]
[Site "Madrid ESP"]
[Date "2017.03.05"]
[Round "12.46"]
[White "Veganzonez Rojo, David"]
[Black "Vazquez Torres, Adrian"]
[Result "0-1"]
[WhiteElo "2117"]
[BlackElo "2223"]
[PlyCount "74"]
[EventDate "2016.11.20"]
[EventType "team-tourn"]
[EventRounds "14"]
[EventCountry "ESP"]
[SourceTitle "Ajedrez en Madrid"]
[Source "lmi"]
[SourceDate "2016.11.20"]
[WhiteTeam "64 Villalba"]
[BlackTeam "Virgen de Atocha"]

1. c4 Nf6 2. g3 c5 3. Bg2 Nc6 4. Nf3 d5 5. cxd5 Nxd5 6. Nc3 Nc7 7. O-O e5 8. a3
Be7 9. b4 f6 10. b5 Nd4 11. Ne1 Ndxb5 12. Nxb5 Nxb5 13. Rb1 Nc3 14. Qb3 Nxb1
15. Qxb1 Rb8 16. d3 O-O 17. Nc2 Be6 18. Ne3 b5 19. Rd1 a5 20. Bb2 Qb6 21. Nd5
Qd6 22. e4 Rfc8 23. Qc2 a4 24. Qe2 Bf8 25. f4 exf4 26. Nxf4 Bb3 27. Re1 c4 28.
Nd5 c3 29. Bc1 Re8 30. Nb4 Rbd8 31. Be3 f5 32. Qf2 Qd7 33. Bb6 Rc8 34. Bh3 g6
35. Rf1 c2 36. Be3 Bxb4 37. axb4 Qxd3 0-1

[Event "Liga Madrileña - DH 2016-2017"]
[Site "Madrid ESP"]
[Date "2017.03.11"]
[Round "13.11"]
[White "Perez Mitjans, Orelvis"]
[Black "Fraga Castro, Jose Carlos"]
[Result "0-1"]
[WhiteElo "2432"]
[BlackElo "2207"]
[PlyCount "37"]
[EventDate "2016.11.20"]
[EventType "team-tourn"]
[EventRounds "14"]
[EventCountry "ESP"]
[SourceTitle "Ajedrez en Madrid"]
[Source "lmi"]
[SourceDate "2016.11.20"]
[WhiteTeam "64 Villalba"]
[BlackTeam "Moratalaz"]

1. e4 d5 2. exd5 Qxd5 3. Nc3 Qa5 4. Bc4 c6 5. d3 Nf6 6. Nge2 Bf5 7. Bd2 Nbd7 8.
Ne4 Qd8 9. N4g3 Bg6 10. h4 h6 11. Nf4 Bh7 12. Qe2 Nb6 13. Bb3 e6 14. O-O-O Qe7
15. Ne4 Bxe4 16. dxe4 O-O-O 17. g4 Nfd7 18. Be3 Nc5 19. Rxd8+ 0-1

[Event "Liga Madrileña - DH 2016-2017"]
[Site "Madrid ESP"]
[Date "2017.03.11"]
[Round "13.12"]
[White "Cortes Jurado, Rafael"]
[Black "Rodriguez Cespedes, Amador"]
[Result "0-1"]
[WhiteElo "2119"]
[BlackElo "2424"]
[PlyCount "62"]
[EventDate "2016.11.20"]
[EventType "team-tourn"]
[EventRounds "14"]
[EventCountry "ESP"]
[SourceTitle "Ajedrez en Madrid"]
[Source "lmi"]
[SourceDate "2016.11.20"]
[WhiteTeam "Moratalaz"]
[BlackTeam "64 Villalba"]

1. e4 d5 2. exd5 Qxd5 3. Nc3 Qa5 4. d4 c6 5. Bc4 Nf6 6. Bd2 Bf5 7. Nf3 e6 8.
Qe2 Bb4 9. O-O-O Nbd7 10. Ne5 Nxe5 11. dxe5 Nd5 12. Nxd5 Bxd2+ 13. Rxd2 cxd5
14. Bb3 O-O-O 15. Rd4 Kb8 16. f3 Rc8 17. a3 Rc6 18. Kb1 Rhc8 19. Rd2 Qc7 20.
Rc1 Rc5 21. Ka2 b5 22. c3 b4 23. Rd4 bxc3 24. Rb4+ Ka8 25. bxc3 Rxc3 26. Rxc3
Qxc3 27. Qb2 Qc5 28. Ba4 Bd3 29. Bb5 Bxb5 30. Rxb5 Qc4+ 31. Kb1 Qxb5 0-1

[Event "Liga Madrileña - DH 2016-2017"]
[Site "Madrid ESP"]
[Date "2017.03.11"]
[Round "13.13"]
[White "Ruperez Benito, Antonio"]
[Black "Mansilla Tolosa, Luis Eduardo"]
[Result "1/2-1/2"]
[WhiteElo "2313"]
[BlackElo "2057"]
[PlyCount "91"]
[EventDate "2016.11.20"]
[EventType "team-tourn"]
[EventRounds "14"]
[EventCountry "ESP"]
[SourceTitle "Ajedrez en Madrid"]
[Source "lmi"]
[SourceDate "2016.11.20"]
[WhiteTeam "64 Villalba"]
[BlackTeam "Moratalaz"]

1. e4 c5 2. Nf3 d6 3. Bb5+ Bd7 4. Bxd7+ Qxd7 5. O-O Nc6 6. b3 Nf6 7. Qe2 g6 8.
Bb2 Bg7 9. c4 Nh5 10. Bxg7 Nxg7 11. e5 O-O 12. Nc3 Ne6 13. Nd5 Nc7 14. Nxc7
Qxc7 15. e6 fxe6 16. Qxe6+ Kg7 17. Rae1 Rf6 18. Qd5 e5 19. Ng5 Qe7 20. Ne4 Nb4
21. Nxf6 Nxd5 22. Nxd5 Qd7 23. Re3 Rf8 24. d3 Qg4 25. Rfe1 Qd4 26. h3 b5 27.
Nc7 Qb2 28. R3e2 Qc3 29. Ne6+ Kf7 30. Nxf8 Kxf8 31. Re3 b4 32. R1e2 Kf7 33. g3
g5 34. Kg2 h6 35. f4 Kf6 36. Kf3 Qc1 37. fxe5+ dxe5 38. Kg2 Qc3 39. Kf1 Qa1+
40. Kf2 Qh1 41. Rf3+ Ke6 42. Rfe3 Kf6 43. h4 h5 44. Rf3+ Ke6 45. Rfe3 Kf6 46.
Rf3+ 1/2-1/2